00592cam a22001694a 4500020003100000040000800031082002600039245008100065260007800146300003400224490002900258650003800287650001600325650001200341700001900353710005000372 a9780896291768 (alk. paper) cDLC00a338 AGR 2010 C077 Or.00aAgricultural growth and investment options for poverty reduction in Rwanda / aWashington, D.C. :bInternational Food Policy Research Institute,cc2010. axiv, 124 p. :bill. ;c23 cm.1 aIFPRI research monograph 0aAgricultural development projects 0aAgriculture 0aPoverty1 aDiao, Xinshen.2 aInternational Food Policy Research Institute.